| 000 | 00803nam a2200205 a 4500 | ||
|---|---|---|---|
| 008 | 120416s1991 ||||||||||||||||| || u | ||
| 020 | _a0521424070 | ||
| 050 | _aQH 541.15.M64 Spe | ||
| 100 | _aSpellerberg, Ian F | ||
| 245 | 1 | 0 | _aMonitoring ecological change |
| 260 |
_aCambridge _bCambridge University Press _c1991 |
||
| 300 | _axvi, 334p. : ill. | ||
| 350 | _a0.00 | ||
| 500 | _aIncludes bibliographical references and index. | ||
| 650 | 0 | _aENVIRONMENTAL MONITORING | |
| 650 | _aECOLOGY | ||
| 856 | _uhttp://www.loc.gov/catdir/description/cam024/91008346.html | ||
| 856 | _uhttp://www.loc.gov/catdir/toc/cam025/91008346.html | ||
| 995 |
_D0.00 _FCBU-MAIN LIBRARY (Kitwe) _H1 _I27.90 _M1 _UAVAILABLE _ZMain Library Open Access Collection |
||
| 999 |
_c51626 _d51626 |
||